书目信息 |
| 题名: |
质量管理学
|
|
| 作者: | 史丽萍 , 张毅 , 陈伟 编著 | |
| 分册: | ||
| 出版信息: | 哈尔滨 哈尔滨工程大学出版社 2002.02 |
|
| 页数: | 410页 | |
| 开本: | 19cm | |
| 丛书名: | ||
| 单 册: | ||
| 中图分类: | F273.2 | |
| 科图分类: | ||
| 主题词: | 企业经济 | |
| 电子资源: | ||
| ISBN: | 7-81073-245-5 | |
| 000 | 00635nam0 2200217 45 | |
| 001 | 0438711711 | |
| 005 | 2004051010451143 | |
| 010 | @a7-81073-245-5@dCNY 18.00 | |
| 100 | @a20040510d2002 km y0chiy0120 ea | |
| 101 | 0 | @achi |
| 102 | @aCN | |
| 200 | 1 | @a质量管理学@AZhi Liang Guan Li Xue@f史丽萍,张毅,陈伟编著@FShi Li Ping,Zhang Yi,Chen Wei Bian Zhu |
| 210 | @a哈尔滨@c哈尔滨工程大学出版社@d2002.02 | |
| 215 | @a410页@d19cm | |
| 606 | 0 | @a企业经济 |
| 690 | @aF273.2@v4 | |
| 701 | 0 | @a史丽萍@AShi Li Ping@4编著 |
| 701 | 0 | @a张毅@AZhang Yi@4编著 |
| 701 | 0 | @a陈伟@AChen Wei@4编著 |
| 801 | 0 | @aCN@bPFT@c20040510 |
| 905 | @dF273.2@eS577 | |
| 质量管理学/史丽萍,张毅,陈伟编著.-哈尔滨:哈尔滨工程大学出版社,2002.02 |
| 410页;19cm |
| ISBN 7-81073-245-5:CNY 18.00 |
| ● |
| 相关链接 |
|
|
|
正题名:质量管理学
索取号:F273.2/S577
 
预约/预借
| 序号 | 登录号 | 条形码 | 馆藏地/架位号 | 状态 | 备注 |
| 1 | 396907 | 203969072 | 社科库409/409社科库 92排3列2层/ [索取号:F273.2/S577] | 在馆 | |
| 2 | 396908 | 203969081 | 社科库409/409社科库 92排3列2层/ [索取号:F273.2/S577] | 在馆 |